Hambre y desnutrición en el tercer mundo: mitos y realidades /
שמור ב:
| מחבר ראשי: | |
|---|---|
| פורמט: | Texto |
| נושאים: | |
| תגים: |
הוספת תג
אין תגיות, היה/י הראשונ/ה לתייג את הרשומה!
|
MARC
| LEADER | 00000 a a2200000 04500 | ||
|---|---|---|---|
| 001 | 41806 | ||
| 003 | |||
| 040 | |||
| 100 | |a Noval Rodríguez, Aída M | ||
| 245 | |a Hambre y desnutrición en el tercer mundo: |b mitos y realidades / |c Aída M. Noval Rodríguez | ||
| 650 | |a HAMBRE | ||
| 650 | |a MALNUTRICION | ||
| 650 | |a PAISES EN DESARROLLO | ||
| 650 | |a EMPRESAS TRANSNACIONALES | ||
| 650 | |a CAMPESINADO | ||
| 650 | |a POBREZA | ||
| 650 | |a RESISTENCIA AL CAMBIO | ||
| 650 | |a ESCASEZ DE ALIMENTOS | ||
| 650 | |a TASA DE NATALIDAD | ||
| 773 | |g volumen13, número52 (1982), páginas 167-194 | ||
| 999 | |c 20433 |d 20433 | ||
